| 000 | 00583nam a22002057a 4500 | ||
|---|---|---|---|
| 999 |
_c4726 _d4726 |
||
| 003 | AR-CdUCM | ||
| 008 | 190311b ||||| |||| 00| 0 spa d | ||
| 040 |
_aMUNICIPALIDAD PROVINCIAL DEL CUSCO _cBIBLIOTECA MUNICIPAL DEL CUSCO |
||
| 082 |
_a808.8 / _bD26 |
||
| 100 |
_aDe Ercilla, Alonso _9592 |
||
| 245 | _aLa araucana / | ||
| 260 |
_aLima : _bEdit. Universo, _c1972. |
||
| 300 |
_a259 páginas ; _c17 cm. |
||
| 500 | _aObra literaria. | ||
| 650 |
_aPoesías españolas _92005 |
||
| 650 |
_aEdad de oro _9649 |
||
| 650 |
_aLiteratura _983 |
||
| 942 |
_2ddc _cLIBROS |
||
| 945 | _admma | ||